Winsome witnessing. (Record no. 11013)

000 -LEADER
fixed length control field 00515nam a2200181 a 4500
001 - CONTROL NUMBER
control field :::00008806$&:&@@
003 - CONTROL NUMBER IDENTIFIER
control field OkBaRHE
005 - DATE AND TIME OF LATEST TRANSACTION
control field 20000607103346.0
008 - FIXED-LENGTH DATA ELEMENTS--GENERAL INFORMATION
fixed length control field s1951 j 000 0 eng u
040 ## - CATALOGING SOURCE
Transcribing agency
100 1# - MAIN ENTRY--PERSONAL NAME
Personal name Terry, Mary.
245 10 - TITLE STATEMENT
Title Winsome witnessing.
260 ## - PUBLICATION, DISTRIBUTION, ETC. (IMPRINT)
Place of publication, distribution, etc Chicago, IL., :
Name of publisher, distributor, etc Moody Press Colportage Library
Date of publication, distribution, etc 1951
300 ## - PHYSICAL DESCRIPTION
Extent 127 p.
650 ## - SUBJECT ADDED ENTRY--TOPICAL TERM
Topical term or geographic name as entry element Evangelism
942 ## - ADDED ENTRY ELEMENTS (KOHA)
Source of classification or shelving scheme
Koha item type Books
Copies
Not for loan Full call number Source of classification or shelving scheme Date acquired Koha item type Price effective from Shelving location Lost status Permanent Location Withdrawn status Barcode Damaged status Copy number Date last seen
 BV 3795 .T4 2010-04-14Books2010-04-14General Stacks RHEMA Bible Training College 8806 12010-04-14